[Event "POL-chT 1st League"]
[Site "Szklarska Poreba"]
[Date "2021.09.09"]
[Round "6.13"]
[White "Kanarkiewicz, Michal"]
[Black "Hemmerling, Jaroslaw"]
[Result "1-0"]
[WhiteElo "2046"]
[BlackElo "1935"]
[PlyCount "89"]
[EventDate "2021.09.04"]
[EventType "team-swiss"]
[EventRounds "9"]
[EventCountry "POL"]
[SourceTitle "CBM 204 Extra"]
[Source "ChessBase"]
[SourceDate "2021.11.30"]
[SourceVersion "1"]
[SourceVersionDate "2021.11.30"]
[SourceQuality "1"]
[WhiteTeam "Debica Gryf"]
[BlackTeam "Lipno Steszew"]
[WhiteTeamCountry "POL"]
[BlackTeamCountry "POL"]

1. e4 e5 2. Nf3 Nf6 3. Nxe5 d6 4. Nc4 Nxe4 5. Nc3 Nxc3 6. bxc3 Be7 7. d4 Nd7 8. Bd3 Nf6 9. Ne3 0-0 10. 0-0 d5 11. Qf3 g6 12. Bb2 Be6 13. c4 c6 14. cxd5 cxd5 15. c4 Rc8 16. cxd5 Bxd5 17. Nxd5 Qxd5 18. Qd1 Rfd8 19. Bc2 Qh5 20. Qd3 Nd5 21. Bd1 Qf5 22. Qxf5 gxf5 23. Bb3 Bf6 24. Rac1 Nf4 25. Rxc8 Rxc8 26. Rd1 b5 27. g3 Ng6 28. Ba3 a5 29. Bc5 Ne7 30. f4 a4 31. Bc2 Rd8 32. Kf2 Nc6 33. d5 Ne7 34. d6 Nc8 35. Bxf5 b4 36. d7 Ne7 37. Bc2 b3 38. axb3 axb3 39. Bxb3 Nf5 40. Bc2 Ng7 41. Bb6 Ne6 42. f5 Nd4 43. Bxd8 Bxd8 44. Rxd4 Bb6 45. d8Q+ 1-0

[Event "POL-chT 1st League"]
[Site "Szklarska Poreba"]
[Date "2021.09.04"]
[Round "1.5"]
[White "Kanarkiewicz, Michal"]
[Black "Przewoznik, Jan"]
[Result "1/2-1/2"]
[WhiteElo "2046"]
[BlackElo "2309"]
[PlyCount "94"]
[EventDate "2021.09.04"]
[EventType "team-swiss"]
[EventRounds "9"]
[EventCountry "POL"]
[SourceTitle "CBM 204 Extra"]
[Source "ChessBase"]
[SourceDate "2021.11.30"]
[SourceVersion "1"]
[SourceVersionDate "2021.11.30"]
[SourceQuality "1"]
[WhiteTeam "Debica Gryf"]
[BlackTeam "Podlesie UKS 21"]
[WhiteTeamCountry "POL"]
[BlackTeamCountry "POL"]

1. e4 e5 2. Nf3 Nc6 3. Bb5 a6 4. Ba4 f5 5. d3 fxe4 6. dxe4 Nf6 7. Bg5 Be7 8. Nc3 d6 9. 0-0 0-0 10. Nd5 Bg4 11. Bxc6 bxc6 12. Nxe7+ Qxe7 13. Qd3 Qf7 14. Nd2 Qh5 15. Bxf6 Rxf6 16. f3 Be6 17. Rf2 Rh6 18. Nf1 a5 19. a4 Rf6 20. Ne3 Rff8 21. Qc3 c5 22. Rd1 Rfb8 23. Rfd2 Rb4 24. b3 Rd4 25. Nc4 Qf7 26. Nxa5 Rb4 27. Nc6 Rb6 28. Nxe5 Qf6 29. f4 dxe5 30. f5 Bf7 31. Qxc5 Rc6 32. Rd8+ Rxd8 33. Rxd8+ Qxd8 34. Qxc6 Qd1+ 35. Kf2 Qd4+ 36. Kf1 h6 37. h3 Kh7 38. Qxc7 Qd1+ 39. Kf2 Qd2+ 40. Kg1 Qc1+ 41. Kh2 Qf4+ 42. Kh1 Bh5 43. Qc6 Qc1+ 44. Kh2 Qd2 45. Kh1 Bf7 46. Qc7 Qc1+ 47. Kh2 Qf4+ 1/2-1/2

[Event "Katowice POL-HUN 9th"]
[Site "Katowice"]
[Date "2021.07.04"]
[Round "6"]
[White "Zwardon, Vojtech"]
[Black "Kanarkiewicz, Michal"]
[Result "1/2-1/2"]
[WhiteElo "2466"]
[BlackElo "2096"]
[PlyCount "106"]
[EventDate "2021.07.03"]
[EventType "swiss (rapid)"]
[EventRounds "9"]
[EventCountry "POL"]
[SourceTitle "CBM 203 Extra"]
[Source "ChessBase"]
[SourceDate "2021.09.30"]
[SourceVersion "1"]
[SourceVersionDate "2021.09.30"]
[SourceQuality "1"]

1. c4 g6 2. g3 Bg7 3. Bg2 Nf6 4. Nc3 0-0 5. d3 d6 6. Bg5 h6 7. Bd2 Nc6 8. Qc1 Kh7 9. h4 h5 10. Rb1 a5 11. a3 e5 12. b4 axb4 13. axb4 Ng4 14. Nh3 Nd4 15. Ng5+ Kg8 16. e3 Ne6 17. Nxe6 fxe6 18. 0-0 c6 19. Ne4 d5 20. Ng5 Qe7 21. b5 Qf6 22. bxc6 bxc6 23. Rb6 Ra6 24. Rxa6 Bxa6 25. Qa3 Bc8 26. Qd6 e4 27. dxe4 Qb2 28. Be1 dxc4 29. Nxe6 Qf6 30. Bh3 Re8 31. f3 Ne5 32. f4 Ng4 33. Bxg4 hxg4 34. f5 Bxe6 35. fxe6 Qxe6 36. Qc7 Re7 37. Qd8+ Re8 38. Qg5 Qxe4 39. Rf4 Qxe3+ 40. Bf2 Qe6 41. Rxg4 c3 42. Qxg6 Qxg6 43. Rxg6 Kf7 44. Rxc6 Re2 45. h5 c2 46. Kf1 Rd2 47. Be1 Rh2 48. g4 Bh6 49. Kg1 Re2 50. Kf1 Rh2 51. Kg1 Re2 52. Kf1 Rh2 53. Kg1 Re2 1/2-1/2

[Event "POL-chT 2nd League"]
[Site "Szklarska Poreba"]
[Date "2017.09.04"]
[Round "3.9"]
[White "Maciol, Ryszard"]
[Black "Kanarkiewicz, Michal"]
[Result "1-0"]
[WhiteElo "2134"]
[BlackElo "2066"]
[PlyCount "97"]
[EventDate "2017.09.02"]
[EventType "team-swiss"]
[EventRounds "9"]
[EventCountry "POL"]
[SourceTitle "CBM 180 Extra"]
[Source "ChessBase"]
[SourceDate "2017.10.06"]
[SourceVersion "1"]
[SourceVersionDate "2017.10.06"]
[SourceQuality "1"]
[WhiteTeam "Wroclaw Polonia"]
[BlackTeam "Debica Gryf"]
[WhiteTeamCountry "POL"]
[BlackTeamCountry "POL"]

1. d4 Nf6 2. c4 g6 3. Nc3 Bg7 4. e4 d6 5. Nge2 0-0 6. f3 e5 7. Be3 Nc6 8. d5 Ne7 9. Ng3 Ne8 10. Qd2 f5 11. exf5 Nxf5 12. Nxf5 gxf5 13. Bg5 Nf6 14. 0-0-0 Qe8 15. Bd3 Bd7 16. Kb1 a6 17. Bh6 Bxh6 18. Qxh6 Qg6 19. Qh4 Qh5 20. Qf2 Rae8 21. c5 e4 22. Bc4 f4 23. cxd6 e3 24. Qe1 cxd6 25. Ne2 Rc8 26. Rd4 Qe5 27. Rxf4 Kh8 28. Qd1 b5 29. Bb3 a5 30. Qd4 a4 31. Bc2 Nxd5 32. Rxf8+ Rxf8 33. Rd1 Qxd4 34. Rxd4 Be6 35. Bd3 Rb8 36. Be4 Nf6 37. Rxd6 Bc4 38. Bd3 Bxd3+ 39. Rxd3 Re8 40. Kc2 Re5 41. Rd4 Kg7 42. Kd3 Kg6 43. a3 Kf5 44. Rd6 Nd5 45. Kd4 Nf4 46. Ng3+ Kg5 47. Kxe5 e2 48. h4+ Kxh4 49. Kxf4 1-0

[Event "POL-chT 2nd League"]
[Site "Jastrzebia Gora"]
[Date "2016.09.09"]
[Round "7.46"]
[White "Kalinowski, Roman"]
[Black "Kanarkiewicz, Michal"]
[Result "1/2-1/2"]
[WhiteElo "2162"]
[BlackElo "2016"]
[PlyCount "30"]
[EventDate "2016.09.03"]
[EventType "team-swiss"]
[EventRounds "9"]
[EventCountry "POL"]
[SourceTitle "EXT 2017"]
[Source "ChessBase"]
[SourceDate "2016.10.25"]
[SourceVersion "1"]
[SourceVersionDate "2016.10.25"]
[SourceQuality "1"]
[WhiteTeam "Pultusk Nadnarwianka"]
[BlackTeam "Debica Gryf"]
[WhiteTeamCountry "POL"]
[BlackTeamCountry "POL"]

1. d4 Nf6 2. Nf3 g6 3. g3 Bg7 4. Bg2 0-0 5. 0-0 d5 6. c4 c6 7. Nc3 dxc4 8. a4 a5 9. h3 Na6 10. e4 Nb4 11. Be3 Rb8 12. Bf4 Ra8 13. Be3 Rb8 14. Bf4 Ra8 15. Be3 Rb8 1/2-1/2

[Event "POL-chT 2nd League"]
[Site "Jastrzebia Gora"]
[Date "2016.09.04"]
[Round "2.93"]
[White "Kanarkiewicz, Michal"]
[Black "Sielicki, Tomasz"]
[Result "1-0"]
[WhiteElo "2016"]
[BlackElo "1962"]
[PlyCount "97"]
[EventDate "2016.09.03"]
[EventType "team-swiss"]
[EventRounds "9"]
[EventCountry "POL"]
[SourceTitle "EXT 2017"]
[Source "ChessBase"]
[SourceDate "2016.10.25"]
[SourceVersion "1"]
[SourceVersionDate "2016.10.25"]
[SourceQuality "1"]
[WhiteTeam "Debica Gryf"]
[BlackTeam "Skoczek Trojanski"]
[WhiteTeamCountry "POL"]
[BlackTeamCountry "POL"]

1. e4 e5 2. f4 d5 3. exd5 exf4 4. Nf3 Nf6 5. Bb5+ c6 6. dxc6 bxc6 7. Bc4 Bd6 8. Qe2+ Qe7 9. Qxe7+ Kxe7 10. 0-0 Be6 11. Re1 Kd7 12. Bxe6+ fxe6 13. d4 Na6 14. Nc3 Rab8 15. a3 Nc7 16. Ne5+ Bxe5 17. dxe5 Nfd5 18. Ne4 Rhf8 19. c4 Ne3 20. Bxe3 fxe3 21. b4 a5 22. Rab1 axb4 23. axb4 Na6 24. b5 cxb5 25. cxb5 Nc7 26. Rxe3 Rxb5 27. Rxb5 Nxb5 28. Rg3 Rf7 29. Rb3 Kc6 30. Rxb5 Rf4 31. Nd6 Rd4 32. Ra5 h5 33. Ra7 Kd5 34. Nf7 Rf4 35. g3 Rf5 36. h4 Kd4 37. Kg2 Kd5 38. Ng5 Kxe5 39. Ra5+ Kf6 40. Rxf5+ Kxf5 41. Kf3 e5 42. Ne4 g6 43. Ng5 Kf6 44. Ke4 Kg7 45. Kxe5 Kh6 46. Ne6 Kh7 47. Kf6 Kh6 48. Nf8 g5 49. hxg5# 1-0

[Event "POL-chT 2nd League"]
[Site "Jastrzebia Gora"]
[Date "2015.09.09"]
[Round "5.65"]
[White "Faron, Rafal"]
[Black "Kanarkiewicz, Michal"]
[Result "1-0"]
[WhiteElo "2033"]
[BlackElo "2077"]
[PlyCount "105"]
[EventDate "2015.09.05"]
[EventType "team-swiss"]
[EventRounds "9"]
[EventCountry "POL"]
[SourceTitle "EXT 2017"]
[Source "ChessBase"]
[SourceDate "2016.10.25"]
[SourceVersion "1"]
[SourceVersionDate "2016.10.25"]
[SourceQuality "1"]
[WhiteTeam "Podlesie UKS 21"]
[BlackTeam "Debica Gryf"]
[WhiteTeamCountry "POL"]
[BlackTeamCountry "POL"]

1. d4 g6 2. c4 Bg7 3. e4 d6 4. Nc3 a6 5. Be3 c6 6. c5 b5 7. cxb6 Qxb6 8. Qd2 Nd7 9. f3 Rb8 10. Rb1 Qa5 11. Bd3 c5 12. Nge2 Ngf6 13. 0-0 0-0 14. Rfd1 Re8 15. a3 cxd4 16. Nxd4 Bb7 17. b4 Qc7 18. Rbc1 Rec8 19. Nb3 Ne5 20. Na4 Qd8 21. Na5 Rxc1 22. Rxc1 Qe8 23. Nb6 Nfd7 24. Nxb7 Nxb6 25. Bxb6 Nxd3 26. Qxd3 Rxb7 27. Qxa6 Qb8 28. Be3 h6 29. b5 Rc7 30. Rc6 d5 31. exd5 Rxc6 32. Qxc6 Qe5 33. Qc5 Qa1+ 34. Qc1 Qa2 35. b6 Qxd5 36. Qc8+ Kh7 37. b7 Qd3 38. Ba7 Be5 39. g3 Qd1+ 40. Kg2 Qe2+ 41. Bf2 Bd4 42. b8Q Qxf2+ 43. Kh3 Qf1+ 44. Kh4 Bf6+ 45. Kg4 h5+ 46. Kf4 g5+ 47. Ke4 Qe2+ 48. Kd5 Qxf3+ 49. Kc4 Qf1+ 50. Kb3 Qb1+ 51. Ka4 Qd1+ 52. Qb3 Qd4+ 53. Qbc4 1-0

[Event "POL-chT 2nd League"]
[Site "Jastrzebia Gora"]
[Date "2015.09.08"]
[Round "4.29"]
[White "Kanarkiewicz, Michal"]
[Black "Ziabek, Patryk"]
[Result "0-1"]
[WhiteElo "2077"]
[BlackElo "2038"]
[PlyCount "64"]
[EventDate "2015.09.05"]
[EventType "team-swiss"]
[EventRounds "9"]
[EventCountry "POL"]
[SourceTitle "EXT 2017"]
[Source "ChessBase"]
[SourceDate "2016.10.25"]
[SourceVersion "1"]
[SourceVersionDate "2016.10.25"]
[SourceQuality "1"]
[WhiteTeam "Debica Gryf"]
[BlackTeam "Ostrow Wielkopolski"]
[WhiteTeamCountry "POL"]
[BlackTeamCountry "POL"]

1. e4 e5 2. Nf3 Nc6 3. Bb5 f5 4. d4 exd4 5. Nxd4 Nxd4 6. Qxd4 fxe4 7. Be2 Nf6 8. Bg5 Be7 9. Nc3 d5 10. 0-0-0 c6 11. f3 exf3 12. gxf3 Bf5 13. Qe5 Qd7 14. h4 0-0-0 15. Qd4 Kb8 16. Qa4 Bc5 17. Ne4 Bxe4 18. fxe4 Qe6 19. Bd3 dxe4 20. Bxf6 Qxf6 21. Qxe4 Rd4 22. Qf5 Qd6 23. Kb1 g6 24. Qf7 Rf4 25. Qb3 Rb4 26. Qf7 Rf8 27. Qxh7 Rxb2+ 28. Kc1 Be3+ 29. Rd2 Rb1+ 30. Kxb1 Qb4+ 31. Kc1 Qxd2+ 32. Kb2 Qb4+ 0-1

[Event "POL-ch U18"]
[Site "Szczyrk"]
[Date "2013.??.??"]
[Round "8"]
[White "Dzierzak, Radoslaw"]
[Black "Kanarkiewicz, Michal"]
[Result "0-1"]
[WhiteElo "1912"]
[BlackElo "2056"]
[PlyCount "114"]
[EventDate "2013.03.17"]
[EventType "swiss"]
[EventRounds "9"]
[EventCountry "POL"]
[SourceTitle "CBM 153 Extra"]
[Source "ChessBase"]
[SourceDate "2013.04.22"]
[SourceVersion "1"]
[SourceVersionDate "2013.04.22"]
[SourceQuality "1"]

1. e4 g6 2. d4 Bg7 3. Nf3 d6 4. Nc3 a6 5. a4 Nf6 6. Bc4 0-0 7. Qe2 c6 8. 0-0 d5 9. Bd3 dxe4 10. Nxe4 Nxe4 11. Bxe4 Nd7 12. c3 Qc7 13. Bg5 e5 14. dxe5 Nxe5 15. Nxe5 Qxe5 16. f4 Qc5+ 17. Kh1 Re8 18. Qc2 f5 19. Bf3 Be6 20. Rad1 Bc4 21. Rfe1 Re3 22. Rxe3 Qxe3 23. Qd2 Qxd2 24. Rxd2 Re8 25. h3 Be6 26. Kg1 Kf7 27. Kf2 Bf8 28. g4 h6 29. Bd8 Bc5+ 30. Kg3 Be3 31. Rd1 Bc5 32. b4 Be7 33. Bb6 Bf6 34. Bd4 Bb3 35. Rd2 Bxd4 36. Rxd4 fxg4 37. Rd7+ Re7 38. Bxg4 Bxa4 39. Rxe7+ Kxe7 40. Bc8 Bb5 41. Bg4 b6 42. h4 h5 43. Bd1 Kf6 44. Kf3 c5 45. Bc2 a5 46. bxc5 bxc5 47. Ke3 a4 48. c4 Bd7 49. Kf3 a3 50. Bb3 Bf5 51. Ba2 Bc2 52. Kf2 Kf5 53. Kf3 Bd1+ 54. Ke3 Kg4 55. Kd2 Ba4 56. Kc3 Kxf4 57. Bb1 Be8 0-1

[Event "POL-chT 2nd League"]
[Site "Lazy"]
[Date "2012.09.09"]
[Round "9"]
[White "Kanarkiewicz, Michal"]
[Black "Zielinski, Wojciech"]
[Result "0-1"]
[WhiteElo "2096"]
[BlackElo "2097"]
[PlyCount "84"]
[EventDate "2012.09.01"]
[EventType "team-swiss"]
[EventRounds "9"]
[EventCountry "POL"]
[SourceTitle "EXT 2019"]
[Source "ChessBase"]
[SourceDate "2018.10.10"]
[SourceVersion "1"]
[SourceVersionDate "2018.10.10"]
[SourceQuality "1"]
[WhiteTeam "Gdynia Korsarz"]
[BlackTeam "Kolbudy UKS Zawisza"]
[WhiteTeamCountry "POL"]
[BlackTeamCountry "POL"]

1. e4 e6 2. d4 d5 3. Nc3 Nc6 4. e5 f6 5. Nf3 Bd7 6. Bd3 Qe7 7. a3 0-0-0 8. b4 h6 9. b5 Nxd4 10. Nxd4 Qc5 11. Nce2 fxe5 12. Nb3 Qd6 13. Nc3 Be7 14. Be3 e4 15. Be2 Bf6 16. Bd4 Ne7 17. Bxf6 gxf6 18. Qd4 b6 19. Qb4 Rhg8 20. Qxd6 cxd6 21. g3 Kb7 22. Nd1 e5 23. a4 Be6 24. f3 Rc8 25. Kd2 Rc7 26. Rf1 Rgc8 27. Ra2 f5 28. fxe4 dxe4 29. c4 d5 30. cxd5 Nxd5 31. Rb2 Rd8 32. Ke1 Nb4 33. Ne3 Rc3 34. Nxf5 Bxb3 35. Nxh6 e3 36. Bf3+ Kb8 37. Be4 Bc4 38. Rb1 Nc2+ 39. Bxc2 Rxc2 40. Rh1 Re2+ 41. Kf1 Rf8+ 42. Kg1 Bd5 0-1

[Event "POL-chT 2nd League"]
[Site "Lazy"]
[Date "2012.09.04"]
[Round "4"]
[White "Cajbel, Maciej"]
[Black "Kanarkiewicz, Michal"]
[Result "1-0"]
[WhiteElo "2237"]
[BlackElo "2096"]
[PlyCount "82"]
[EventDate "2012.09.01"]
[EventType "team-swiss"]
[EventRounds "9"]
[EventCountry "POL"]
[SourceTitle "EXT 2019"]
[Source "ChessBase"]
[SourceDate "2018.10.10"]
[SourceVersion "1"]
[SourceVersionDate "2018.10.10"]
[SourceQuality "1"]
[WhiteTeam "Wroclaw AZS Politechnika"]
[BlackTeam "Gdynia Korsarz"]
[WhiteTeamCountry "POL"]
[BlackTeamCountry "POL"]

1. e4 Nf6 2. Nc3 d5 3. exd5 Nxd5 4. Bc4 c6 5. Qf3 e6 6. Ne4 Nd7 7. d4 N7f6 8. Ne2 Be7 9. 0-0 0-0 10. c3 Nxe4 11. Qxe4 Nf6 12. Qf3 Qb6 13. a4 a5 14. Nf4 Bd7 15. Re1 Qc7 16. Nd3 b5 17. Bb3 bxa4 18. Bf4 Qb6 19. Bxa4 c5 20. dxc5 Bxc5 21. Nxc5 Qxc5 22. Be5 Bxa4 23. Rxa4 Nd7 24. Bd4 Qb5 25. Rea1 e5 26. c4 Qb8 27. Bc3 Nb6 28. Rxa5 Rxa5 29. Rxa5 Nxc4 30. Ra1 h6 31. h3 Qb5 32. Qd3 Qb3 33. Qd5 Rb8 34. Ra7 Kh8 35. Qxf7 Rg8 36. Kh2 Qb6 37. Rb7 Qa6 38. Ra7 Qb6 39. Rb7 Qa6 40. Rc7 Qd6 41. Qxc4 Re8 1-0

[Event "Budapest op 08"]
[Site "Budapest"]
[Date "2012.08.24"]
[Round "7"]
[White "Kanarkiewicz, Michal"]
[Black "Kalmar, Karoly"]
[Result "1-0"]
[WhiteElo "2076"]
[BlackElo "1920"]
[PlyCount "41"]
[EventDate "2012.08.18"]
[EventType "swiss"]
[EventRounds "9"]
[EventCountry "HUN"]
[SourceTitle "EXT 2014"]
[Source "ChessBase"]
[SourceDate "2013.11.20"]
[SourceVersion "1"]
[SourceVersionDate "2013.11.20"]
[SourceQuality "1"]

1. e4 c5 2. Nf3 e6 3. d4 cxd4 4. Nxd4 a6 5. Bd3 d6 6. Nc3 Nf6 7. 0-0 Be7 8. Kh1 0-0 9. f4 Nbd7 10. Qe1 Qc7 11. Qg3 Re8 12. Bd2 b5 13. a3 Bb7 14. Rae1 d5 15. e5 Ne4 16. Nxe4 dxe4 17. Bxe4 Rad8 18. Bxb7 Qxb7 19. f5 Bf8 20. Bh6 Nb6 21. Bxg7 1-0

[Event "Krakow-ch 3rd"]
[Site "Krakow"]
[Date "2012.08.15"]
[Round "9.4"]
[White "Zakrzewski, Marek"]
[Black "Kanarkiewicz, Michal"]
[Result "1-0"]
[WhiteElo "2121"]
[BlackElo "2076"]
[PlyCount "125"]
[EventDate "2012.08.08"]
[EventType "swiss"]
[EventRounds "9"]
[EventCountry "POL"]
[SourceTitle "EXT 2023"]
[Source "ChessBase"]
[SourceDate "2022.10.05"]
[SourceVersion "1"]
[SourceVersionDate "2022.10.05"]
[SourceQuality "1"]

1. e4 c5 2. Nf3 d6 3. d4 cxd4 4. Nxd4 Nf6 5. Nc3 a6 6. Bg5 e6 7. f4 Qb6 8. Qd2 Nc6 9. Bxf6 gxf6 10. Nb3 Bd7 11. 0-0-0 0-0-0 12. Kb1 Kb8 13. Be2 h5 14. Bf3 Be7 15. h4 Na5 16. Qe2 Rc8 17. Bxh5 Nc4 18. Rh3 a5 19. a4 f5 20. Rd4 fxe4 21. Rxc4 Rxc4 22. Qxc4 Rxh5 23. Qxe4 Qf2 24. Qe2 Qxe2 25. Nxe2 Rxh4 26. Rxh4 Bxh4 27. Nxa5 Bxa4 28. g3 Bf6 29. Nc1 Bd4 30. Nc4 Kc7 31. Nd3 Bb5 32. b3 Bc6 33. Kc1 b5 34. Ncb2 e5 35. Kd2 e4 36. c3 Bg1 37. Nb4 Bb7 38. Ke2 d5 39. Nc2 Bc8 40. Ne3 Kd6 41. b4 Bh3 42. Nbd1 Bd7 43. Kf1 Bxe3 44. Nxe3 f5 45. Ke2 Ke6 46. Kd2 Be8 47. Nc2 Kf6 48. Ke3 Kg6 49. Kd4 Kf6 50. Ne3 Ke6 51. Kc5 Bd7 52. Nxd5 Be8 53. Ne3 Bd7 54. Nc2 Ke7 55. Kd5 Kf6 56. Kd6 Be6 57. Ne3 Bc4 58. Kc5 Bd3 59. Kd4 Ke6 60. c4 bxc4 61. Nxc4 Kd7 62. Ne5+ Kc7 63. Nxd3 1-0